00680nam a2200169 a 4500008004100000020001500041041000800056100002000064245012900084250001100213260003600224300001100260500016600271653002200437653002800459653002300487110916s2006 ag d f |||| 001 0 spa d a950124539X aspa1 aNirenberg, Olga aParticipación de adolescentes en proyectos sociales.bAportes conceptuales y pautas para su evaluación /cOlga Nirenberg a1a ed. aBuenos Aires:bPaidós;c2006. a286 p. aNirenberg, O. (2006). Participación de adolescentes en proyectos sociales. Aportes conceptuales y pautas para su evaluación. (1a ed.). Buenos Aires : Paidos. aCiencias sociales aParticipación juvenil aProyectos sociales